000 00926nac a22002171u 4500
008 100905t xxu||||| |||| 00| 0 eng d
010 _a 94009606
020 _a0470234083
082 0 0 _a624
_bHAR
100 _aHarris, Frank,
_918005
245 1 0 _aModern Construction and Ground Engineering Equipment and Methods /
_cFrank Harris.
250 _a2nd ed.
260 _aEssex, England;
_aNew York :
_bLongman Scientific & Technical ;
_bWiley,
_c1994.
300 _axiii, 618 p. :
_bill. ;
_c25 cm.
504 _aIncludes bibliographical references (p. [614]-615) and index.
650 0 _aEarthmoving machinery.
_918006
650 0 _aExcavating machinery.
_918007
650 0 _aConstruction equipment.
_918008
942 _cBB
_k624HAR
_2ddc
999 _c3960
_d3960